00672 2200229 4500001002100000005001700021008004100038035002400079082001000103090001700113100002300130245005700153250001100210260006900221300003100290500003100321650003900352850001500391985000600406999001500412999001500427YOGYA-0209000002794820090227024204.0 ind  0010-020900000027948 a678.2 a678.2bSis P aSISWOPUTRANTO, P.S aPerkembangan karet internasionalcP.S. Siswoputranto aCet. 1 aJakartablembaga Penunjang Pembangunan Nasional (LAPPENAS)c1981 a[20], 450 hlmbilusc22 cm aBibliografi : hlm. 449-450 aKaret Internasional - Perkembangan aYOPDYOG(B) a2 aP000019566 aP000019567